000 00715nam a2200217Ii 4500
003 JO-AjNU
008 230605s9999||||xx |||||||||||||| ||und||
017 _a2004/1758
020 _a977-01-8995-1
040 _aJO-AjNU
_bara
_erda
_cJO-AjNU
041 _aara
050 1 4 _aPJ7814 2004
100 3 _aتأليف الجندي،أحمد ؛ دراسة المنجي سرحان,
_eauthor
_918152
245 0 0 _aإمرأة.. تنام قرب ليلى
264 3 1 _aالقاهرة:الهيئة المصرية العامة للكتاب،2004
300 _a125ص
336 _atext
_btxt
_2rdacontent
337 _aunmediated
_bn
_2rdamedia
338 _avolume
_bnc
_2rdacarrier
650 4 _aالشعر العربي
_918153
999 _aA5751
_c9319
_d9319